Catálogo - Centro de Recursos para el Aprendizaje y la Investigación
Volver al Sitio - CRAI Biblioteca| 000 -CABECERA | |
|---|---|
| campo de control de longitud fija | 01510nam a2200265 4500 |
| 001 - NÚMERO DE CONTROL | |
| campo de control | 113811 |
| 003 - IDENTIFICADOR DEL NÚMERO DE CONTROL | |
| campo de control | DR-UNIBE |
| 005 - FECHA Y HORA DE LA ÚLTIMA TRANSACCIÓN | |
| campo de control | 20251015104408.0 |
| 008 - DATOS DE LONGITUD FIJA--INFORMACIÓN GENERAL | |
| campo de control de longitud fija | 250701b2016 dr ||||| |||| 00| 0 spa d |
| 040 ## - FUENTE DE LA CATALOGACIÓN | |
| Centro catalogador/agencia de origen | BIBLIOTECA UNIBE |
| Lengua de catalogación | spa |
| Centro/agencia transcriptor | BIBLIOTECA UNIBE |
| Normas de descripción | rda |
| 041 ## - CÓDIGO DE LENGUA | |
| Código de lengua del texto/banda sonora o título independiente | spa |
| 082 ## - NÚMERO DE LA CLASIFICACIÓN DECIMAL DEWEY | |
| Número de edición | 22 |
| Número de clasificación | RD 371.26 R457e |
| 100 #0 - ENTRADA PRINCIPAL--NOMBRE DE PERSONA | |
| Nombre de persona | Reyes Ramírez, Betty M |
| 9 (RLIN) | 196847 |
| Término indicativo de función/relación | autor |
| 245 10 - MENCIÓN DE TÍTULO | |
| Título | Estrategias, técnicas e instrumentos de evaluación de las competencias en el nivel primario : |
| Resto del título | dirigido a maestras y maestros del nivel primario / |
| Mención de responsabilidad, etc. | Betty Reyes Ramírez |
| 260 ## - PUBLICACIÓN, DISTRIBUCIÓN, ETC. | |
| Lugar de publicación, distribución, etc. | Santo Domingo : |
| Nombre del editor, distribuidor, etc. | Ministerio de Educación, (MINERD), |
| Fecha de publicación, distribución, etc. | 2016 |
| 300 ## - DESCRIPCIÓN FÍSICA | |
| Extensión | 120 páginas : |
| Otras características físicas | gráficas, fotos ; |
| Dimensiones | 27 x 21 cm |
| 490 ## - MENCIÓN DE SERIE | |
| Mención de serie | Evaluación de Competencias en la Educación Primaria ; |
| Designación de volumen o secuencia | 2 |
| 505 ## - NOTA DE CONTENIDO CON FORMATO | |
| Nota de contenido con formato | Introducción |<br/>Primera partes: estrategias y técnicas de evaluación |<br/>Observación de los aprendizajes |<br/>Mapas Conceptuales |<br/>Portafolios |<br/>Diarios reflexivos de la clase |<br/>Debate |<br/>Entrevista |<br/>Intercambios orales |<br/>Ensayos |<br/>Estudios de casos |<br/>Segunda parte: instrumentos de evaluación |<br/>La rúbrica |<br/>Lista de cotejo |<br/>Escala de estimación |<br/>Pruebas escritas |<br/>Cuaderno |<br/>Referencias |
| 650 #7 - PUNTO DE ACCESO ADICIONAL DE MATERIA--TÉRMINO DE MATERIA | |
| Fuente del encabezamiento o término | lemb |
| Término de materia o nombre geográfico como elemento de entrada | Evaluación académica |
| 650 #7 - PUNTO DE ACCESO ADICIONAL DE MATERIA--TÉRMINO DE MATERIA | |
| Fuente del encabezamiento o término | lemb |
| Término de materia o nombre geográfico como elemento de entrada | Educación por competencias |
| 9 (RLIN) | 199798 |
| 650 #7 - PUNTO DE ACCESO ADICIONAL DE MATERIA--TÉRMINO DE MATERIA | |
| Fuente del encabezamiento o término | lemb |
| Término de materia o nombre geográfico como elemento de entrada | Educación primaria |
| 700 10 - PUNTO DE ACCESO ADICIONAL--NOMBRE DE PERSONA | |
| Nombre de persona | Ceballos Díaz, Rita Ma. |
| 9 (RLIN) | 196846 |
| Término indicativo de función/relación | coordinador |
| 700 10 - PUNTO DE ACCESO ADICIONAL--NOMBRE DE PERSONA | |
| Nombre de persona | Montás D´Oleo, Bertha Marcily |
| 9 (RLIN) | 196779 |
| Término indicativo de función/relación | diseñador |
| -- | diagramador |
| 942 ## - ELEMENTOS DE PUNTO DE ACCESO ADICIONAL (KOHA) | |
| Fuente del sistema de clasificación o colocación | Sistema de Clasificación Decimal Dewey |
| Tipo de ítem Koha | Libro (general) |
| Estado de retiro | Estado de pérdida | Fuente del sistema de clasificación o colocación | No para préstamo | Código de colección | Localización permanente | Fecha de adquisición | Total de préstamos | Signatura topográfica completa | Código de barras | Fecha visto por última vez | Número de copia | Precio válido a partir de | Tipo de ítem Koha |
|---|---|---|---|---|---|---|---|---|---|---|---|---|---|
| Disponible | Sistema de Clasificación Decimal Dewey | General - Libros dominicanos | Biblioteca Central UNIBE | 10/06/2025 | RD 371.26 R457e | 250714 | 01/07/2025 | Ej. 1 | 01/07/2025 | Libro (general) | |||
| Disponible | Sistema de Clasificación Decimal Dewey | General - Libros dominicanos | Biblioteca Central UNIBE | 10/06/2025 | RD 371.26 R457e | 250715 | 01/07/2025 | Ej. 2 | 01/07/2025 | Libro (general) |